[Event "Sharjah Master 2024"]
[Site "Shsrjah - Abu Dhabi"]
[Date "2024.05.18"]
[Round "?"]
[White "Sadhwani, Raunak"]
[Black "Horvath, Dominik"]
[Result "1/2-1/2"]
[WhiteElo "2654"]
[BlackElo "2553"]
[PlyCount "55"]
[EventDate "2024.05.14"]
[EventCountry "UAE"]

1. c4 c5 2. Nc3 Nf6 3. g3 Nc6 4. Bg2 e6 5. Nf3 d5 6. cxd5 exd5 7. d4 cxd4 8. Nxd4 Bc5 9. Nxc6 bxc6 10. Qa4 $146 ({RR} 10. O-O O-O 11. a3 Re8 12. b4 Bb6 13. Bb2 Ba6 14. Bf3 Bc4 15. Re1 Qd7 16. Na4 Qf5 17. Nxb6 axb6 18. Qd4 Rab8 19. a4 c5 20. Qd2 Ne4 21. Bxe4 Qxe4 22. f3 Qg6 23. Ba3 Qf6 24. bxc5 Rxe2 {Manukyan,S (2216)-Balla,T (2283) chess.com INT 2024 0-1 (83)}) ({RR} 10. Qc2 Bb6 11. Na4 Bd7 12. O-O O-O 13. Nxb6 axb6 14. a4 Re8 15. b4 h5 16. Bb2 h4 17. Bd4 Ne4 18. Rfc1 Re6 19. Ra3 hxg3 20. hxg3 Rc8 21. Qb2 c5 22. bxc5 bxc5 23. Bxg7 Qg5 24. Bc3 d4 {Wagner,D (2611)-Oparin,G (2664) chess.com INT 2024 0-1 (33)}) ({RR} 10. O-O O-O 11. Na4 Bd6 12. Qc2 Bd7 13. b3 Re8 14. Bb2 h5 15. Rfe1 Qc8 16. Bxf6 gxf6 17. e4 h4 18. Qd2 h3 19. Bh1 Kg7 20. exd5 cxd5 21. Qxd5 Rxe1+ 22. Rxe1 Bb4 23. Rd1 Bg4 24. Bf3 Rb8 {Bok,B (2620)-Olsen,F (2454) chess.com INT 2024 1-0 (34)}) 10... Bd7 11. O-O O-O 12. Bg5 Rb8 13. Qc2 Be7 14. Bf4 Rb6 15. e4 Nxe4 16. Nxe4 dxe4 17. Bxe4 h6 18. Rad1 Qc8 19. Rfe1 Be6 20. b3 c5 21. Be3 Qc7 22. Rc1 Rc8 23. Qe2 Qd7 24. Bf3 a5 25. Red1 Qe8 26. Qe1 a4 27. Qa5 Rb4 28. Bd2 1/2-1/2

[Event "Sharjah Master 2024"]
[Site "Shsrjah - Abu Dhabi"]
[Date "2024.05.18"]
[Round "?"]
[White "Gurel, Ediz"]
[Black "Ter-Sahakyan, Samvel"]
[Result "1/2-1/2"]
[WhiteElo "2578"]
[BlackElo "2650"]
[PlyCount "94"]
[EventDate "2024.05.14"]
[EventCountry "UAE"]

1. e4 e5 2. Nf3 Nc6 3. Bb5 a6 4. Ba4 Nge7 5. O-O Ng6 6. c3 d5 7. exd5 Qxd5 8. d4 Bg4 9. Bb3 Bxf3 10. Bxd5 Bxd1 11. Rxd1 O-O-O 12. Bxf7 exd4 13. Bg5 Be7 14. Bxe7 Ngxe7 15. cxd4 $6 {Inaccuracy. Nd2 was best.} (15. Nd2 Kb8 16. Ne4 Nf5 17. g3 Nd6 18. Bd5 dxc3 19. bxc3 Na5 20. Rab1 Rhe8) 15... Nxd4 16. Nc3 Rhf8 17. Bc4 Ng8 $146 ({RR} 17... Nec6 18. Rac1 Ne5 19. Bf1 Rf6 20. f3 Rb6 21. b3 g5 22. Kf2 Re6 23. h3 h5 24. Ne4 g4 25. f4 Ng6 26. Ng5 g3+ 27. Kxg3 Rf6 28. Kh2 Rxf4 29. Bc4 Nf8 30. Rf1 Rxf1 31. Rxf1 Nd7 32. Bf7 {Gurel,E (2578)-Kurmangaliyeva,L (2230) Orosei ITA 2024 1-0 (61)}) 18. f3 Nf6 19. Rac1 c6 20. Re1 b5 21. Bf1 Rfe8 22. Rxe8 (22. Re5 Re6 23. Rxe6 Re8) 22... Rxe8 23. Kf2 Kc7 24. h4 c5 25. g4 Rf8 26. Kg3 c4 27. h5 h6 28. Rd1 Rd8 29. a3 Kc6 30. f4 Kc5 31. Re1 Nc6 32. Re6 a5 33. Bg2 Nd4 $6 {Inaccuracy. Rd3+ was best.} (33... Rd3+) 34. Re5+ Kb6 35. g5 hxg5 36. fxg5 Nxh5+ 37. Kg4 g6 38. Be4 Ng7 39. Bxg6 b4 40. Na4+ $2 {Mistake. axb4 was best.} (40. axb4) 40... Ka6 41. Bf7 Nb5 42. Rc5 Rd4+ 43. Kh3 Nd6 44. g6 Nxf7 45. gxf7 Rf4 46. axb4 axb4 47. Rxc4 Rxf7 1/2-1/2

[Event "Sharjah Master 2024"]
[Site "Shsrjah - Abu Dhabi"]
[Date "2024.05.18"]
[Round "?"]
[White "Mchedlishvili, Mikheil"]
[Black "Sargsyan, Shant"]
[Result "1/2-1/2"]
[WhiteElo "2567"]
[BlackElo "2637"]
[PlyCount "25"]
[EventDate "2024.05.14"]
[EventCountry "UAE"]

1. d4 d5 2. Nf3 Nf6 3. c4 e6 4. g3 Be7 5. Bg2 O-O 6. O-O dxc4 7. Qc2 a6 8. a4 Bd7 9. Qxc4 Bc6 10. Bg5 Nbd7 11. Nc3 h6 12. Bxf6 Nxf6 13. b4 $146 ({RR} 13. Rfd1 a5 14. Qb3 Qb8 15. e3 Rd8 16. Ne5 Bxg2 17. Kxg2 c5 18. Nb5 cxd4 19. exd4 Nd5 20. Qf3 Bf6 21. Ng4 Rd7 22. Rac1 Qd8 23. h4 Rc8 24. Rxc8 Qxc8 25. Nc3 Qc6 26. Ne4 h5 27. Ngxf6+ Nxf6 {Lazavik,D (2567)-Giri,A (2762) chess.com INT 2024 ½-½ (41)}) ({RR} 13. Rfd1 a5 14. Qb3 Bb4 15. Ne5 Bxg2 16. Kxg2 Qe7 17. Rac1 Rfd8 18. e3 c6 19. Nd3 h5 20. Ne2 Bd6 21. Ng1 g6 22. Nf3 Kg7 23. Qc2 Rac8 24. Qe2 Ne4 25. Nd2 Nxd2 26. Qxd2 e5 27. dxe5 Bxe5 {Grischuk,A (2732)-Dubov,D (2708) chess.com INT 2024 ½-½ (31)}) 1/2-1/2

[Event "Sharjah Master 2024"]
[Site "Shsrjah - Abu Dhabi"]
[Date "2024.05.18"]
[Round "?"]
[White "Kadric, Denis"]
[Black "Suleymanli, Aydin"]
[Result "0-1"]
[WhiteElo "2558"]
[BlackElo "2621"]
[PlyCount "88"]
[EventDate "2024.05.14"]
[EventCountry "UAE"]

{[%evp 16,88,7,7,9,11,12,15,8,11,39,29,30,34,28,19,33,14,6,0,0,-4,2,7,0,2,15,-6,0,-3,0,-32,-21,-76,-36,-42,-26,-125,-125,-115,-107,-137,-145,-163,-166,-177,-163,-164,-174,-177,-178,-174,-126,-190,-172,-283,-273,-286,-286,-393,-373,-405,-408,-453,-456,-487,-478,-485,-484,-482,-479,-474,-467,-500,-510]} 1. e4 e5 2. Nf3 Nc6 3. Bc4 Nf6 4. d3 Bc5 5. O-O d6 6. c3 O-O 7. h3 h6 8. b4 {[%cal Bb2b4,Bb4b5][%mdl 32]} Bb6 9. a4 {a5 is the strong threat.} a5 10. b5 Ne7 11. Nbd2 $146 ({RR} 11. Be3 Bxe3 12. fxe3 Be6 13. Nbd2 Ng6 14. Bxe6 fxe6 15. Qb3 d5 16. exd5 exd5 17. e4 Kh8 18. exd5 Nxd5 19. Rae1 Ndf4 20. d4 exd4 21. cxd4 Nh4 22. Nxh4 Qxh4 23. Kh2 Qd8 (23... Nxg2 $1 $11 {[%mdl 512]} 24. Re4 (24. Kxg2 Qg5+) 24... Nf4) 24. Nf3 Qd6 25. Ne5 Nd5 {Tiarks,J (2207)-Baruch,L (1718) chess.com INT 2024 1-0 (37)}) 11... Ng6 {The position is equal.} 12. d4 exd4 13. cxd4 d5 14. exd5 Nxd5 15. Qb3 Be6 16. Ba3 Re8 17. Rfe1 Ndf4 18. Rad1 Bxc4 19. Rxe8+ Qxe8 20. Nxc4 Qe6 21. Re1 $132 {[%mdl 2048] White is fighting back} Qd5 22. Qc3 Rd8 {[%cal Rb6d4]} 23. Nxb6 cxb6 24. Re3 $6 {Inaccuracy. Bc1 was best.} (24. Bc1 Ne6 25. Bb2 f6 26. Qc2 Kf7 27. Bc1 Ne7 28. Ba3 Qf5 29. Qb3 Ng6) 24... Ne6 $6 {Inaccuracy. Qd7 was best.} (24... Qd7) (24... Qd7 $5 {[%cal Rf4d5]} 25. Qe1 Qf5 $11) 25. Bb2 Ngf4 26. Kh2 $6 {[#] Inaccuracy. Qc2 was best.} (26. Qc2 Qd6 27. Re5 Qd7 28. Qb3 Rc8 29. h4 Nc7 30. g3 Nfd5 31. Nd2 Nf6) (26. Qc2 $11 {keeps the balance.}) 26... Qd6 $1 $17 27. Qa3 Qxa3 28. Rxa3 Nd5 29. Ra1 Rc8 30. Kg1 Rc2 31. Bc1 f6 32. Kf1 Kf7 33. g3 Ke7 34. Ke1 (34. Nh4 $17) 34... Nb4 35. Ba3 $6 {Inaccuracy. Be3 was best.} (35. Be3 Nc7) (35. Be3 $142) 35... Rc3 $19 36. Ke2 Kd6 37. Bxb4+ axb4 {[%cal Ba5b4,Bb4b3][%mdl 4128] Endgame KRN-KRN} 38. Rb1 b3 39. Ne1 $6 {Inaccuracy. Nh2 was best. and the idea Kd2 leaves White hopeful.} (39. Nh2 Nxd4+ 40. Kd2 Rc4 41. Nf1 Rxa4 42. Kd3 Rb4 43. h4 Kc5 44. Nd2 Kxb5) 39... Kd5 {Black is clearly winning.} 40. Ng2 {intending Ne3+.} Nxd4+ 41. Kd2 Rc2+ 42. Kd3 Rxf2 43. Ne3+ Kc5 44. Rc1+ {[#]} Nc2 $1 {Accuracy: White = 58%, Black = 88%.} 0-1

[Event "Sharjah Master 2024"]
[Site "Shsrjah - Abu Dhabi"]
[Date "2024.05.18"]
[Round "?"]
[White "Gledura, Benjamin"]
[Black "Pranav Anand"]
[Result "1/2-1/2"]
[WhiteElo "2619"]
[BlackElo "2530"]
[PlyCount "111"]
[EventDate "2024.05.14"]
[EventCountry "UAE"]

1. Nf3 Nf6 2. g3 d5 3. Bg2 e6 4. O-O Be7 5. d3 O-O 6. Bf4 b5 $146 ({RR} 6... c5 7. e4 Nc6 8. Ne5 Nxe5 9. Bxe5 b5 10. exd5 exd5 11. Re1 Bb7 12. c4 b4 13. d4 Qc8 14. cxd5 Nxd5 15. dxc5 Rd8 16. Nd2 Qxc5 17. Rc1 Qb5 18. Qg4 Nf6 19. Qc4 Qd7 20. Bc7 Bxg2 21. Bxd8 {Daneshvar,B (2597)-Kuziev,M (2218) Tashkent UZB 2024 1-0 (45)}) ({RR} 6... c5 7. Na3 Nc6 8. e4 dxe4 9. dxe4 Nxe4 10. Ne5 Nxe5 11. Bxe5 Nf6 12. Nc4 Nd7 13. Bd6 Nb6 14. Bxe7 Qxe7 15. Na5 Qc7 16. c4 Rb8 17. Qf3 Na4 18. Qf4 Qxf4 19. gxf4 Nxb2 20. Rab1 Nd3 21. Nc6 {Kupervaser,E (2250)-Rangel,D (2176) chess.com INT 2024 0-1 (51)}) ({RR} 6... Nc6 7. d4 Nh5 ({RR} 7... b6 8. c4 Bb7 9. Nc3 Na5 10. cxd5 Nxd5 11. Nxd5 Bxd5 12. Qc2 Rc8 13. e4 Bb7 14. Rad1 Qd7 15. Ne5 Qb5 16. Rfe1 Rfd8 17. Bh3 Bb4 18. Re3 Bd6 19. d5 Bxe5 20. Bxe5 Nc4 21. Rb3 Qa4 22. Rd4) ({RR} 7... a6 8. Ne5 Nxe5 9. dxe5 Nd7 10. e4 c6 11. h4 f6 12. exf6 Bxf6 13. Bc1 Nc5 14. Nd2 e5 15. exd5 cxd5 16. Nb3 Ne4 17. c4 dxc4 18. Bxe4 Qxd1 19. Rxd1 cxb3 20. axb3 Bg4 21. f3 Be6 22. b4) 8. Bc1 Nf6 9. Bf4 Bd6 10. e3 b6 11. c4 Bb7 12. Bxd6 cxd6 13. cxd5 Nxd5 14. e4 Nf6 15. Re1 b5 16. a3 d5 17. e5 Ne4 18. Nbd2 Na5 19. Re2 Rc8 20. Ne1 Nxd2 21. Rxd2 {Indjic,A (2603)-Yu,Y (2728) Dubai Police Officers Club, A 2024 0-1 (41)}) ({RR} 6... b6 7. e4 dxe4 8. dxe4 Bb7 9. Qxd8 Rxd8 10. Bxc7 Rc8 11. Bxb8 Raxb8 12. c3 Bxe4 13. Nbd2 Ba8 14. Ne5 Bxg2 15. Kxg2 Rc7 16. Rfd1 Nd5 17. Ndf3 f6 18. Nd3 Kf7 19. Nd4 b5 20. Rac1 Bf8 21. Nxb5) 7. a3 Bb7 8. Nc3 a6 9. e4 c5 10. e5 Nfd7 11. Re1 Nc6 12. h4 b4 13. axb4 Nxb4 14. Qd2 Qb6 15. h5 Rfc8 $6 {Inaccuracy. h6 was best.} (15... h6 16. Na4) 16. h6 g6 17. Bg5 Bf8 18. Nh2 Nc6 19. Ng4 Nd4 20. Ra2 Nf5 21. b3 Bc6 22. Rea1 Qb4 23. Bf4 Qb7 24. Ne2 $6 {Inaccuracy. Nd1 was best.} (24. Nd1) 24... d4 25. Bxc6 Qxc6 26. Qd1 Be7 27. Kh2 Qd5 $6 {Inaccuracy. g5 was best.} (27... g5 28. Bd2 Nxh6 29. Nxh6+ Kg7 30. Nxf7 Kxf7 31. f4 g4 32. Qh1 Qxh1+ 33. Rxh1) 28. Qh1 $6 {Inaccuracy. c4 was best.} (28. c4 Qf3 29. Ng1 Qxd1 30. Rxd1 g5 31. Bc1 f6 32. Nh3 fxe5 33. Bxg5 Rcb8) 28... g5 29. Qxd5 exd5 30. Rxa6 Rxa6 31. Rxa6 gxf4 32. Nxf4 Nb8 33. Rb6 Nc6 34. Nxd5 Bf8 $6 {Inaccuracy. Bd8 was best.} (34... Bd8) 35. Kg2 $6 {Inaccuracy. f4 was best.} (35. f4) 35... Kh8 36. Kf3 $6 {Inaccuracy. Rb7 was best.} (36. Rb7 Nxh6 37. Nxh6 Bxh6 38. f4 Kg7 39. Kf2 Kg6 40. g4 Bf8 41. Kf3 Kg7) 36... Nxh6 37. Nxh6 Bxh6 38. Ke4 Bf8 39. Rb7 Kg7 (39... Kg8) 40. f4 Kg6 41. g4 Kg7 42. Rd7 Nb8 43. Ra7 Nc6 44. Rb7 Kg6 $6 {Inaccuracy. h6 was best.} (44... h6 45. Rd7 Re8 46. Nf6 Re7 47. Rd6 Re6 48. Nh5+ Kg8 49. Rd5 Rg6 50. Rd7) 45. f5+ $6 {Inaccuracy. Nf6 was best.} (45. Nf6 Be7 46. f5+ Kg5 47. Nxh7+ Kh6 48. f6 Kxh7 49. fxe7 Re8 50. Kd5 Nxe7+) 45... Kg5 46. Nf6 Bg7 47. Nxh7+ Kh6 48. Nf6 Nxe5 49. Kxe5 Re8+ 50. Kd5 Bxf6 51. Rxf7 Re5+ 52. Kc4 Kg5 53. Rf8 Re2 54. Rg8+ Kf4 55. Kxc5 Rxc2+ 56. Kd5 1/2-1/2

[Event "Sharjah Master 2024"]
[Site "Shsrjah - Abu Dhabi"]
[Date "2024.05.18"]
[Round "?"]
[White "Krzyzanowski, Marcin"]
[Black "Petrosyan, Manuel"]
[Result "1/2-1/2"]
[WhiteElo "2526"]
[BlackElo "2616"]
[PlyCount "171"]
[EventDate "2024.05.14"]
[EventCountry "UAE"]

1. e4 c5 2. Nf3 Nc6 3. Bb5 e6 4. Bxc6 bxc6 5. d3 Qc7 6. h4 ({RR} 6. Nc3 e5 7. O-O Ne7 8. Nh4 Ng6 9. Qh5 d6 10. Ne2 Be7 11. Nf5 Bf6 12. Neg3 Nf4 13. Qf3 g6 14. Ne3 h5 15. Ne2 Bg5 16. h3 Ne6 17. Nc4 Bxc1 18. Raxc1 Qe7 19. Qe3 g5 20. f3 Nf4 {Caruana,F (2805)-Ivic,V (2596) chess.com INT 2024 0-1 (84)}) 6... e5 7. h5 d5 $146 {Inaccuracy. h6 was best.} (7... h6 8. b3 Nf6 9. Bb2 d6 10. Nbd2 Be7 11. Nh4 O-O 12. Qe2) ({RR} 7... d6 8. Nbd2 Nf6 9. Nf1 c4 10. h6 g6 11. Bg5 Be7 12. Bxf6 Bxf6 13. dxc4 Be6 14. Ne3 O-O 15. O-O Rfd8 16. Qd3 Be7 17. Rad1 f6 18. Nh2 Rf8 19. Nf5 Rad8 20. Nxe7+ Qxe7 21. f4 exf4 22. Rxf4 {Falkevall,A (2290)-Seo,J (2466) Stockholm SWE 2024 ½-½ (51)}) ({RR} 7... h6 8. Nbd2 d6 9. Nc4 Be6 10. Ne3 Nf6 11. b3 d5 12. Bb2 Bd6 13. Nd2 c4 14. bxc4 d4 15. Nf5 Bxf5 16. exf5 c5 17. Qf3 Rb8 18. Bc1 O-O 19. Ne4 Nxe4 20. Qxe4 Qb7 21. f3 Qxe4+ 22. fxe4 {Grinev,V (2422)-Antunes,L (2045) chess.com INT 2024 1-0 (43)}) 8. Qe2 f6 9. c4 d4 10. Nh4 g6 11. g3 Bd6 12. Nd2 Ne7 13. Qf3 Rf8 14. Nb3 Be6 15. Bh6 Rf7 16. Bd2 Qd7 17. hxg6 hxg6 18. Qe2 Rh7 19. O-O-O O-O-O 20. Qf3 $6 {Inaccuracy. f4 was best.} (20. f4) 20... Rdh8 21. Qxf6 Ng8 22. Qf3 Bg4 23. Qg2 Bxd1 24. Rxd1 Qg4 25. f3 Qe6 26. Bg5 $6 {Inaccuracy. f4 was best.} (26. f4) 26... Nh6 $6 {Inaccuracy. Rh5 was best.} (26... Rh5 27. Qd2 Nf6 28. Bxf6 Qxf6 29. Kb1 Kb7 30. Qa5 Be7 31. a3 Qd6 32. Ka2) 27. f4 exf4 28. e5 Bf8 29. Na5 $2 {Mistake. gxf4 was best.} (29. gxf4 Nf5 30. Nxf5 gxf5 31. Qd2 Rh1 32. Rxh1 Rxh1+ 33. Kc2 Qf7 34. Qg2 Qh5) 29... Kd7 $4 {Blunder. Ng4 was best.} (29... Ng4 30. Nxc6) 30. Nxg6 Qxg6 31. Bf6 Ke8 32. Qxc6+ Kf7 33. Qd5+ Ke8 34. Qd8+ Kf7 35. Qd5+ Ke8 36. Qc6+ $4 {Blunder. Bxh8 was best.} (36. Bxh8) 36... Kf7 37. gxf4 Kg8 38. Qd5+ Rf7 39. Nc6 Rhh7 40. Nd8 Nf5 41. Nxf7 Rxf7 42. Rh1 Bh6 $4 {Blunder. Bg7 was best.} (42... Bg7 43. a3 Bxf6 44. exf6 Qxf6 45. Kb1 Ng7 46. Qa8+ Rf8 47. Qxa7 Qg6 48. Ka1) 43. Qd8+ Rf8 44. Qd5+ Rf7 45. Qd8+ $2 {Mistake. Qc6 was best.} (45. Qc6) 45... Rf8 46. Qd7 Bxf4+ $2 {Mistake. Qg2 was best.} (46... Qg2 47. Qe6+ Rf7 48. Qc8+ Rf8 49. Qe6+) 47. Kb1 Bh6 48. Qd5+ $6 {Inaccuracy. a3 was best.} (48. a3 Rb8 49. Qd5+ Kh7 50. Ka2 Ng7 51. Bxg7 Qxg7 52. e6 Re8 53. Qf5+ Qg6) 48... Kh7 49. Qxc5 $6 {Inaccuracy. a3 was best.} (49. a3 Ng7) 49... Rf7 50. Qc8 Ng7 51. Rd1 $6 {Inaccuracy. Ka1 was best.} (51. Ka1 Qg2) 51... Qh5 52. Rf1 Qe2 53. Qh3 Qe3 54. Rh1 Qxh3 55. Rxh3 Ne6 56. b4 Kg6 57. Kc2 Bf8 58. Rg3+ $2 {Mistake. b5 was best.} (58. b5) 58... Kf5 59. a3 a5 60. Kb3 axb4 61. axb4 Rb7 62. b5 Ra7 63. Rh3 Kg4 $4 {Blunder. Nf4 was best.} (63... Nf4 64. Rg3 Ra3+ 65. Kc2 Rc3+ 66. Kb1 Bc5 67. Bg7 Nxd3 68. e6 Kxe6 69. Rf3) 64. Rh4+ Kf3 65. c5 Nxc5+ 66. Kc4 Ra4+ 67. Kd5 Nxd3 68. Bg5 Rb4 69. b6 Rxb6 70. Kxd4 Nc5 71. Rf4+ Ke2 72. Kd5 Ne6 73. Rf6 Nc7+ 74. Ke4 Rb4+ 75. Kf5 Rb8 76. Rc6 Nb5 77. Kg6 Ba3 78. Bf6 Nd4 79. Ra6 Rb3 80. e6 Rg3+ 81. Kf7 Nf5 82. e7 Bxe7 83. Bxe7 Nxe7 84. Kxe7 Re3+ 85. Re6 Rxe6+ 86. Kxe6 1/2-1/2

[Event "Sharjah Master 2024"]
[Site "Shsrjah - Abu Dhabi"]
[Date "2024.05.18"]
[Round "?"]
[White "Aditya Mittal"]
[Black "Siddharth, Jagadeesh"]
[Result "1/2-1/2"]
[WhiteElo "2607"]
[BlackElo "2508"]
[PlyCount "71"]
[EventDate "2024.05.14"]
[EventCountry "UAE"]

1. e4 e6 2. d4 (2. e5 d5 3. d4 c5) 2... d5 3. e5 c5 4. c3 Nc6 5. Nf3 Bd7 6. Be2 f6 7. O-O fxe5 8. dxe5 Nh6 9. Re1 Be7 $146 ({RR} 9... Nf7 10. c4 d4 11. Nbd2 Qc7 12. Ne4 Be7 13. Bf4 O-O 14. Bg3 Nfxe5 15. Nxe5 Nxe5 16. Bd3 h6 17. Nxc5 Bxc5 18. Bxe5 Bd6 19. Qh5 Bxe5 20. Rxe5 Rf6 21. Rae1 Raf8 22. f3 Qb6 23. b3 Qb4 24. Qh4 {Sjugirov,S (2695)-Miszler,L (2269) chess.com INT 2024 1-0 (63)}) 10. c4 d4 11. Bf4 $2 {Mistake. Bxh6 was best.} (11. Bxh6 gxh6 12. Qd2 Qc7 13. Qxh6 O-O-O 14. Bd3 Bf8 15. Qh5 Nb4 16. Be4 d3) 11... O-O 12. Qd2 Nf5 13. Na3 h6 14. h3 Nb4 15. Bh2 $6 {Inaccuracy. Nc2 was best.} (15. Nc2 Nxc2) 15... Bc6 16. Nc2 Nh4 $6 {Inaccuracy. a5 was best.} (16... a5 17. Red1 Qe8 18. Nxb4 axb4 19. Ne1 b5 20. cxb5 Bxb5 21. b3 Bc6 22. Bd3) 17. Nxb4 (17. Nfxd4 Bf3 18. Bxf3 Nxf3+ (18... Nf5) 19. gxf3 cxd4 20. Qd3 Bc5) (17. Ncxd4 Nf5) 17... Bxf3 18. Bxf3 Nxf3+ 19. gxf3 cxb4 20. Qd3 (20. Qxb4) 20... Bc5 21. Re4 Qg5+ 22. Bg3 Qf5 23. Kg2 Rf7 (23... Qg5 24. Qe2) 24. Qe2 $6 {Inaccuracy. Rd1 was best.} (24. Rd1 Raf8 25. f4 Qh5 26. Qe2 Qg6 27. Qd3 Rf5 28. Re2 b6 29. Qe4 a5) 24... Raf8 25. Rf4 Qg6 $6 {Inaccuracy. d3 was best.} (25... d3 26. Rxf5 dxe2 27. Rxf7 Rd8 28. Re1 Kxf7 29. Rxe2 Rd4 30. f4 Kg6 31. f3) 26. Rxf7 Rxf7 27. Rd1 Qf5 28. f4 (28. Rd2 Rd7 29. Rd3 Qg6 30. Rd1) (28. Ra1) 28... Rd7 29. Rd3 Qg6 30. f3 Rf7 31. Qe4 (31. Qe3) 31... Qxe4 32. fxe4 g5 33. Kf3 gxf4 34. Bh4 (34. Kg2) 34... Rg7 35. Bf2 (35. Bg3) 35... Rf7 36. Bh4 (36. Bg3) 1/2-1/2

[Event "Sharjah Master 2024"]
[Site "Shsrjah - Abu Dhabi"]
[Date "2024.05.18"]
[Round "?"]
[White "Adhiban, B.."]
[Black "Idani, Pouya"]
[Result "1-0"]
[WhiteElo "2520"]
[BlackElo "2605"]
[PlyCount "59"]
[EventDate "2024.05.14"]
[EventCountry "UAE"]

{[%evp 12,59,42,23,45,39,64,66,95,99,96,96,208,205,218,221,217,206,310,309,299,303,317,325,336,344,331,324,329,326,314,314,352,350,350,349,343,338,367,369,366,370,368,361,365,361,387,386,383,396]} 1. e4 c6 2. d4 d5 3. e5 Bf5 4. Nc3 e6 5. g4 Bg6 6. Nge2 Be7 7. Nf4 Nd7 8. Be3 Qb6 9. Rb1 c5 $6 {Inaccuracy. Bg5 was best.White is slightly better.} (9... Bg5) 10. Bb5 O-O-O 11. O-O Nh6 $2 {[#] Mistake. Nb8 was best.} (11... Nb8 12. b4 cxb4 13. Be2 Qa5 14. Nb5 a6 15. Nxg6 hxg6 16. Na7+ Kc7 {[#]} 17. a3 $1) (11... Nb8 $16) 12. dxc5 $1 $18 Qc7 13. Ncxd5 exd5 14. Nxd5 {[%mdl 64] Double Attack} Nxe5 $6 {Inaccuracy. Nxc5 was best.} (14... Nxc5 15. Nxc7 Rxd1 16. Rbxd1 Kxc7 17. h3 a6 18. Bc4 Re8 19. Rfe1 b5 20. Bf1) (14... Nxc5 {was necessary.} 15. Nxc7 Rxd1 16. Rbxd1 (16. Rfxd1 Kxc7 17. b4 a6 $14) 16... Kxc7) 15. Nxc7 Rxd1 16. Rbxd1 ({Weaker is} 16. Rfxd1 Nhxg4 17. Nd5 Bf8 $16) 16... Bxc2 17. Nd5 Bh4 18. Rc1 Be4 19. Nc3 Bf3 20. Bxh6 gxh6 21. Be2 h5 22. Bxf3 Nxf3+ 23. Kg2 hxg4 24. Nb5 a6 25. Nd6+ {White is winning.} Kc7 26. h3 (26. Nxf7 Rf8 $16) 26... h5 27. hxg4 hxg4 28. Rh1 ({Less strong is} 28. Nxf7 Rf8 $18) 28... Rf8 29. Rc4 f5 30. Rf4 {Accuracy: White = 100%, Black = 47%.} 1-0

[Event "Sharjah Master 2024"]
[Site "Shsrjah - Abu Dhabi"]
[Date "2024.05.18"]
[Round "?"]
[White "Gupta, Abhijeet"]
[Black "Gholami Orimi, Mahdi"]
[Result "1/2-1/2"]
[WhiteElo "2601"]
[BlackElo "2470"]
[PlyCount "150"]
[EventDate "2024.05.14"]
[EventCountry "UAE"]

1. Nf3 d5 2. d4 Nf6 3. c4 e6 4. Nc3 Bb4 5. e3 O-O 6. Bd2 b6 7. cxd5 exd5 8. Bd3 Bb7 9. O-O Bd6 10. Qb1 Re8 11. b4 Nbd7 ({RR} 11... Ne4 12. Rc1 a6 13. b5 Nxc3 14. Bxc3 axb5 15. Bxh7+ Kh8 16. Bd3 c6 17. Ne5 Bxe5 18. dxe5 Nd7 19. f4 Nc5 20. Rf1 Nxd3 21. Qxd3 Ra4 22. Rf3 Re4 23. Qd1 Kg8 24. Rg3 Re6 25. f5 Rh6 26. e6 {Heberla,B (2539)-Seemann,J (2465) Katowice POL 2024 1-0 (36)}) 12. a4 $146 ({RR} 12. Rc1 a6 13. b5 a5 14. a4 Ne4 15. Rc2 g5 16. Be1 f5 17. Qa2 Ndf6 18. Ne2 Qe7 19. Ne5 Bxe5 20. dxe5 Ng4 21. Bxe4 fxe4 22. Rac1 Qxe5 23. Ng3 Rac8 24. h3 Nh6 25. Bc3 Qd6 26. Ba1 c5 {Daakshin,A (2332)-Dinh Nho Kiet (2221) Al Ain UAE 2023 1-0 (34)}) 12... a6 13. b5 axb5 14. Nxb5 Bf8 15. Rc1 c5 16. Be1 c4 17. Bf5 Bc6 18. Qb2 Ne4 19. Bxe4 Rxe4 20. Bb4 Bxb4 21. Qxb4 Ra5 22. Nd2 Re8 23. h3 h6 24. Nc3 Qf6 25. Rd1 Qe7 26. Qxe7 Rxe7 27. e4 Nf6 28. Rdb1 Ra6 29. e5 Nd7 $6 {Inaccuracy. Ne8 was best.} (29... Ne8 30. Rb4 Rea7 31. Rab1 Nc7 32. Rxb6 Rxb6 33. Rxb6 Bxa4 34. Nf1 Ne6 35. Rd6) 30. f4 Re8 31. Nf1 f6 32. Ne3 fxe5 33. fxe5 Nxe5 34. Nexd5 Bxd5 35. Nxd5 Ra5 36. Nxb6 Nc6 37. d5 Ne5 38. Rc1 $2 {Mistake. d6 was best.} (38. d6) 38... Rd8 39. Rab1 Nd7 40. Rxc4 Rb8 41. Rc8+ Rxc8 42. Nxc8 Rxa4 43. Rb7 Nf6 44. Ne7+ Kh8 $2 {Mistake. Kf7 was best.} (44... Kf7) 45. d6 Rd4 46. Nf5 Rd5 $2 {Mistake. Rd1+ was best.} (46... Rd1+ 47. Kh2 h5 48. Rxg7 Rxd6 49. Rf7 Ra6 50. Kg3 Ne4+ 51. Kf4 Ra4 52. Ke5) 47. g4 Ne4 48. d7 Kh7 49. d8=Q Rxd8 50. Rxg7+ Kh8 51. Rg6 h5 52. Rh6+ Kg8 53. Rxh5 Rd2 54. Ne3 Re2 55. Nd5 Ng3 56. Rg5+ Kf7 57. Nf4 Ra2 58. Re5 Kf6 59. Rb5 Ne4 60. Rf5+ Kg7 61. Re5 Ra1+ 62. Kg2 Ra2+ 63. Kf3 Nd2+ 64. Kg3 Ra3+ 65. Kg2 Nf3 66. Re7+ Kh6 67. Re2 $4 {Blunder. Kf2 was best.} (67. Kf2 Kg5 68. Nd5 Nd2 69. Re5+ Kh6 70. Re2 Nc4 71. h4 Kg7 72. Re7+ Kf8) 67... Kg5 68. Nd5 Kh4 $4 {Blunder. Nh4+ was best.} (68... Nh4+ 69. Kh2) 69. Re3 $4 {Blunder. Re8 was best.} (69. Re8 Rb3 70. Rh8+ Kg5 71. Rh5+ Kg6 72. h4 Ra3 73. Ne7+ Kg7 74. Kf2 Nd2) 69... Rxe3 70. Nxe3 Ne1+ 71. Kf2 Nd3+ 72. Kg2 Nf4+ 73. Kf3 Nxh3 74. Ng2+ Kg5 75. Kg3 Nf2 1/2-1/2

[Event "Sharjah Master 2024"]
[Site "Shsrjah - Abu Dhabi"]
[Date "2024.05.18"]
[Round "?"]
[White "Blohberger, Felix"]
[Black "Kuybokarov, Temur"]
[Result "1/2-1/2"]
[WhiteElo "2505"]
[BlackElo "2600"]
[PlyCount "47"]
[EventDate "2024.05.14"]
[EventCountry "UAE"]

1. Nf3 d5 2. g3 Bg4 3. Bg2 c6 4. h3 Bxf3 5. Bxf3 Nd7 6. O-O e5 7. d3 Ngf6 8. e4 Bc5 $146 ({RR} 8... dxe4 9. dxe4 Bc5 10. Nd2 O-O 11. a4 a5 12. Qe2 Qe7 13. Nc4 Ne8 14. h4 Nd6 15. Bg5 f6 16. Bd2 Nxc4 17. Qxc4+ Qf7 18. Be2 Rfd8 19. Rad1 Qxc4 20. Bxc4+ Kf8 21. Kg2 Ke7 22. Bc1 Bd6 23. Be3 {Meier,G (2608)-Kuybokarov,T (2602) chess.com INT 2024 ½-½ (52)}) 9. exd5 Nxd5 10. Nc3 Nc7 11. Na4 Be7 12. d4 exd4 13. Qxd4 Ne6 14. Qe3 Qa5 15. b3 h5 16. Bb2 Qf5 17. Bg2 Bf6 18. Rfe1 O-O 19. Rad1 Rfd8 20. Qd3 Qa5 21. Bc3 Bxc3 22. Qxc3 Qc7 23. h4 Rac8 $6 {Inaccuracy. Nf6 was best.} (23... Nf6 24. Nc5) 24. Bf3 $6 {Inaccuracy. Bh3 was best.} (24. Bh3 Ndf8) 1/2-1/2